000 00444nam a2200169Ia 4500
008 230312s9999 xx 000 0 und d
041 _aeng
082 _a621.81
_b621.81 NOR
100 _aNorton R.L.
_9133855
245 _aKinematics And Dynamics Of Machinery (In SI Units)
260 _c2009
_bTata McGraw-Hill
300 _a782
365 _cRs.
_b450.00
710 _aNorton R.L.
_9133856
906 _b225
999 _c131078
_d131078